Mind set! : reset your thinking and see the future.
| Main Author: | |
|---|---|
| Format: | Book |
| Published: |
New York:
Harpercollins Publishers,
2006.
|
| Subjects: |
| LEADER | 00523cam a2200169 7i4500 | ||
|---|---|---|---|
| 001 | 0000020715 | ||
| 005 | 20080228090000.0 | ||
| 020 | 0 | 0 | |a 978-0-06-113688-7 |
| 090 | 0 | 0 | |a B 303.49 |b NAI |
| 100 | 1 | 0 | |a Naisbitt,John |
| 245 | 0 | 0 | |a Mind set! : |b reset your thinking and see the future. |
| 260 | 0 | 0 | |a New York: |b Harpercollins Publishers, |c 2006. |
| 300 | # | # | |a 282 p. |
| 650 | 0 | 0 | |a Social prediction |
| 650 | 0 | 0 | |a Scheman[psychology] |
| 650 | 0 | 0 | |a Twenty-first centry -- |x Fore costs |
| 999 | |a B000021856 |b Book |c Book |e Business Information Centre | ||


